[Event "Cappelle op 36th"]
[Site "Cappelle la Grande"]
[Date "2020.02.25"]
[Round "5"]
[White "Shchekachev, Andrei"]
[Black "Bauer, Christian"]
[Result "0-1"]
[WhiteElo "2529"]
[BlackElo "2630"]
[Annotator "Primel,D"]
[PlyCount "70"]
[EventDate "2020.02.22"]
[EventType "swiss"]
[EventRounds "9"]
[EventCountry "FRA"]
[SourceTitle "CBM 195 Extra"]
[Source "ChessBase"]
[SourceDate "2020.05.31"]
[SourceVersion "1"]
[SourceVersionDate "2020.05.31"]
[SourceQuality "1"]
[TimeControl "40/5400+30:1800+30"]

1. Nf3 {[%emt 0:01:09]} Nf6 {[%emt 0:00:56]} 2. c4 {[%emt 0:03:30]} e6 {
[%emt 0:00:33]} 3. Nc3 {[%emt 0:05:44]} Bb4 {[%emt 0:01:29]} 4. Qc2 {[%emt 0:
07:24] La partie commence par une anglaise anti-Nimzo mais elle va ensuite
transposer dans une Nimzo-Indienne} O-O {[%emt 0:02:24]} 5. a3 {[%emt 0:00:35]}
Bxc3 {[%emt 0:00:14]} 6. Qxc3 {[%emt 0:00:08]} d6 {[%emt 0:00:17]} 7. d4 {
[%emt 0:03:51]} a5 {[%emt 0:01:13] Une ligne secondaire} 8. b3 {[%emt 0:03:23]}
(8. Bg5 Nbd7 9. e3) (8. b4 $143 axb4 9. axb4 Rxa1 10. Qxa1 $11) 8... Nc6 $1 {
[%emt 0:10:47][%csl Re1][%cal Ge6e5] Comme souvent dans cette variante Capa,
les Noirs ont une petite avance de développement et ils doivent essayer de
jouer activement avant que les Blancs n'aient le temps de terminer le
développement et de faire jouer la paire de B} 9. Bb2 {[%emt 0:08:21][%csl
Ge5]} (9. g3 Qe7 {[%cal Ge6e5]} 10. Bb2 Re8 11. Bg2 e5 $132 {Balparda,
J-Trompowsky,O Montevideo Casino Miramar de Carrasco 1938 (9) 0-1}) 9... Re8 {
[%emt 0:01:16]} 10. Rd1 {[%emt 0:04:56][%cal Gd1d8]} (10. e3 e5 11. dxe5 dxe5
12. Be2 (12. Rd1) 12... Bf5 $11 {Grachev,B (2583)-Grischuk,A (2710)
Grischuk-Grachev m blitz 2006 1/2} (12... Bg4)) 10... Qe7 {[%emt 0:05:08]} 11.
e3 {[%emt 0:05:20]} e5 {[%emt 0:00:45] Comme dans la variante de Zurich, le
coup Nc6 visait à soutenir la poussée centrale e5 qui libère le Bc8} 12. d5
{[%emt 0:00:06]} Nb8 {[%emt 0:00:53]} 13. Nd2 {[%emt 0:00:59] La préparation
des Blancs face à une partie jouée par l'adversaire l'année précédente à
Cappelle} (13. Be2 Bg4 (13... Nbd7) 14. O-O Nbd7 15. Rfe1 Nc5 16. Nd2 Bxe2 17.
Rxe2 c6 18. e4 cxd5 19. cxd5 Rec8 20. Qe3 b5 21. Rc1 Qb7 22. f3 Nfd7 23. Ree1
Qb6 24. Kh1 b4 25. Kg1 Qa6 {1/2-1/2 (25) Nikolov,M (2577)-Bauer,C (2647)
Cappelle-la-Grande 2019}) 13... c6 {[%emt 0:10:45]} (13... Nbd7 14. Bd3 c6) 14.
dxc6 {[%emt 0:11:36]} bxc6 {[%emt 0:02:53]} 15. Bd3 {[%emt 0:01:20]} Nbd7 {
[%emt 0:11:47]} 16. Ne4 {[%emt 0:06:41]} Nxe4 $146 {[%emt 0:02:55]} (16... d5
17. Nxf6+ Nxf6 18. O-O Bb7 19. Rfe1 Nd7 20. cxd5 cxd5 21. Qc7 Nf6 22. Bxe5 Qxe5
23. Qxb7 Qd6 24. Bb5 Reb8 25. Qc6 Qxa3 26. Ba4 Qb4 27. Rc1 h6 28. Qc3 Ne4 29.
Qd4 Rc8 30. g3 Nc3 31. Kg2 Rab8 32. h4 Kf8 33. h5 Qxd4 34. exd4 Nxa4 35. bxa4
Rc4 36. Rxc4 dxc4 37. Re5 Rc8 38. Re2 c3 39. Rc2 Rc4 40. Kf3 Rxa4 41. Rxc3 Rxd4
42. Rc7 a4 43. Ra7 Rb4 44. Kg2 g6 45. hxg6 fxg6 46. f4 {Kretov,E (2278)
-Kharitonov,A (2558) Voronezh 2014 1/2-1/2}) 17. Bxe4 {[%emt 0:00:02]} Ra6 {
[%emt 0:00:44]} 18. b4 $1 {[%emt 0:06:58] Les Noirs doivent jouer avec
précision car les Blancs menacent d'ouvrir le jeu pour la paire de B} Nf6 {
[%emt 0:05:34]} 19. Bd3 {[%emt 0:01:09][%cal Gc4c5,Gd3a6]} axb4 {[%emt 0:03:53]
} 20. axb4 {[%emt 0:00:06]} Rb6 {[%emt 0:05:54]} 21. O-O {[%emt 0:00:37]} Qb7
$1 {[%emt 0:05:50][%csl Rb4] Force Ba3 et le B est hors-jeu} 22. Ba3 {[%emt 0:
04:30]} Bg4 {[%emt 0:01:03]} 23. Rb1 {[%emt 0:04:27]} (23. f3 $5 {Peut-être
un moindre mal}) 23... e4 $1 {[%emt 0:00:36] Gagne de l'espace avec tempo sur
le B} 24. Bc2 {[%emt 0:00:45]} Qc8 $1 $15 {[%emt 0:03:47][%cal Gc8f5,Gf5g5,
Gg4f3,Gg5g1] Les pièces Noires commencent à viser l'aile-roi} 25. Rfe1 {
[%emt 0:04:58]} Re5 $1 $36 {[%emt 0:06:56][%csl Rg1,Rh2][%cal Gf5h5,Gc8g4,
Ge5g5] Les pièces Noires commencent à s'activer et la paire de B des Blancs
est inutile. Le K Blanc manque de défenseurs à l'aile-roi et il commence à
être sous pression} 26. Kh1 {[%emt 0:07:08]} (26. Kf1 Rh5 27. h3 d5 (27...
Bxh3 $5 28. gxh3 Qxh3+ 29. Ke2 Qf3+ 30. Kd2 {[%cal Gd2c1,Gc1b2] Et le K doit
pouvoir se réfugier à l'aile-roi}) 28. hxg4 Qxg4 {[%cal Gh5h1]} 29. Kg1 Qh4
30. Kf1 Qg4 {Et les Noirs doivent probablement se contenter de la répétition
de coups}) 26... Bf3 $1 {[%emt 0:04:57]} 27. gxf3 {[%emt 0:03:18]} Qh3 $40 {
[%emt 0:01:20][%cal Ge4f3,Ge5h5]} 28. Qxe5 $1 {[%emt 0:00:52]} Qxf3+ $1 {
[%emt 0:00:53]} 29. Kg1 {[%emt 0:00:02]} dxe5 {[%emt 0:00:07]} 30. Rbd1 {
[%emt 0:00:55]} h5 {[%emt 0:04:04]} 31. Rd8+ {[%emt 0:00:30]} Kh7 {[%emt 0:00:
01]} 32. Bd1 {[%emt 0:00:22]} Qh3 {[%emt 0:01:32]} 33. Rd6 {[%emt 0:01:24]} Ne8
{[%emt 0:02:05]} 34. b5 $2 $138 {[%emt 0:01:45]} Nxd6 {[%emt 0:00:11]} 35. Bxd6
{[%emt 0:00:02]} c5 $1 {[%emt 0:00:46][%csl Rd6][%cal Gb6g6] La double attaque
gagne le B} 0-1

[Event "Rohde op 12th"]
[Site "Sautron"]
[Date "2012.11.??"]
[Round "9"]
[White "Drasko, Milan"]
[Black "Rusev, Krasimir"]
[Result "0-1"]
[WhiteElo "2471"]
[BlackElo "2549"]
[Annotator "RR"]
[PlyCount "60"]
[EventDate "2012.10.27"]
[EventType "swiss"]
[EventRounds "9"]
[EventCountry "FRA"]
[SourceTitle "EXT 2014"]
[Source "ChessBase"]
[SourceDate "2013.11.20"]
[SourceVersion "1"]
[SourceVersionDate "2013.11.20"]
[SourceQuality "1"]

1. d4 Nf6 2. c4 Nc6 {Il n'est pas facile de réfuter cette défense Tango} 3. Nf3
(3. d5 Ne5 4. e4 e6 5. Nc3 Bb4 (5... Bc5 6. Be2 exd5 7. cxd5 d6 8. Nf3 O-O 9.
O-O Nfg4 10. Na4 Nxf3+ 11. Bxf3 Nxf2 12. Rxf2 Bxf2+ 13. Kxf2 f5 $36) 6. Bd2 Qe7
7. f4 Ng6) 3... e6 4. Nc3 (4. a3 {[%cal Gb1c3]}) 4... Bb4 {Retombe sur une
Nimzo} 5. Qc2 {Transposant sur la variante de Zurich} (5. e3 d5) 5... d6 {
[%cal Ge6e5] Anticipe l'échange du B pour jouer sur cases noires au centre} 6.
Bd2 (6. a3 $142 {Colin,V (2407)-Rusev,K (2549) 12th Sautron Open 2012 (2.9) 1-0
}) 6... O-O (6... Qe7 {Probablement une simple transposition.} 7. a3 Bxc3 8.
Bxc3 O-O (8... a5)) 7. a3 Bxc3 8. Bxc3 a5 (8... Qe7) (8... Re8) 9. b3 (9. e4) (
9. g3 Qe7 10. Bg2 e5 11. d5 Nb8 12. O-O a4 $11) 9... Qe7 {[%cal Ge6e5]} 10. g3
{Semble un peu trop lent} (10. e3 $142 e5 11. d5 Nb8 12. Be2 Bg4 13. O-O Nbd7
14. b4 $14 {Stern,R (2506)-Miton,K (2628) Bundesliga 1112 2011 (2.2) 1/2})
10... e5 11. d5 Nb8 12. Bg2 Nbd7 13. O-O (13. Nh4 $5 {[%cal Gh4f5]} Nb6 {
Podgaets,M (2450)-Kharitonov,A (2430) URS-ch Army Gomel 1983 1-0} (13... Nc5))
13... b6 14. e4 Ng4 15. Ne1 {[%cal Ge1d3,Gb3b4,Gc4c5]} Ba6 {[%cal Ga5a4]} 16.
Qe2 (16. Nd3 a4 $1 {[%csl Rc4]}) 16... Nh6 {[%cal Gf7f5]} 17. b4 f5 18. exf5
Nxf5 19. Nc2 Rae8 $132 20. Rfe1 Qf7 21. bxa5 bxa5 22. Bxa5 Nc5 23. Rab1 e4 $44
{[%cal Gc5d3]} 24. Nb4 Nd4 25. Qe3 Nf3+ $1 26. Bxf3 exf3 27. Qd4 Qf5 {[%cal
Gf5h3,Gh3g2]} 28. Qh4 Re2 29. Bxc7 $4 (29. Nc6 {[%cal Gc6e7]}) 29... Rfe8 30.
Red1 Qxb1 $1 0-1

[Event "Monte Carlo FIDE GP (Women)"]
[Site "Monte Carlo"]
[Date "2015.10.13"]
[Round "9"]
[White "Koneru, Humpy"]
[Black "Kosteniuk, Alexandra"]
[Result "1-0"]
[WhiteElo "2578"]
[BlackElo "2530"]
[Annotator "Schulz,Andre"]
[PlyCount "83"]
[EventDate "2015.10.03"]
[EventType "tourn"]
[EventRounds "11"]
[EventCountry "MNC"]
[EventCategory "11"]
[SourceTitle "CBM 169"]
[Source "ChessBase"]
[SourceDate "2015.11.10"]
[SourceVersion "1"]
[SourceVersionDate "2015.11.10"]
[SourceQuality "1"]

1. d4 Nf6 2. c4 e6 3. Nc3 Bb4 4. Qc2 Nc6 5. Nf3 d6 6. Bd2 Qe7 7. a3 Bxc3 8.
Bxc3 e5 9. d5 Nb8 10. Nd2 a5 11. b3 O-O 12. e3 Nbd7 13. Be2 Nc5 14. b4 axb4 15.
axb4 Rxa1+ 16. Bxa1 Na6 17. Bc3 c6 18. dxc6 bxc6 19. Qb2 Re8 20. O-O {[#]
Schwarz konnte das Konzept der Blockade nicht verwirklichen. In der sich nun
öffnenden Stellung erweist sich das weiße Läuferpaar als überlegen.} d5 21.
b5 d4 22. Ba5 cxb5 23. cxb5 Nc5 24. exd4 exd4 25. Bf3 Qa7 26. Nc4 Nce4 27. b6
Qd7 28. Rd1 Ng5 29. Qxd4 Nxf3+ 30. gxf3 Qh3 31. Nd6 Rd8 32. Qc4 Be6 33. Qf4 Qh5
34. Ra1 Nd5 35. Qg3 f5 36. Qe5 Qg5+ 37. Kh1 Nf4 38. Rg1 Qh6 39. Bd2 Bd5 {
[#] Weiß wickelt nun in eine gewonnene Stellung ab.} 40. Qxd5+ Nxd5 41. Bxh6
Rxd6 42. b7 (42. b7 Rd8 43. Rxg7+ Kh8 44. Rd7) 1-0

[Event "Olympiad-31"]
[Site "Moscow"]
[Date "1994.12.03"]
[Round "3.3"]
[White "Hertneck, Gerald"]
[Black "Titov, German1"]
[Result "1-0"]
[WhiteElo "2605"]
[BlackElo "2485"]
[Annotator "Stohl,I"]
[PlyCount "107"]
[EventDate "1994.12.01"]
[EventType "team-swiss"]
[EventRounds "14"]
[EventCountry "RUS"]
[SourceTitle "CBM 045"]
[Source "ChessBase"]
[SourceDate "1995.04.01"]
[SourceVersion "1"]
[SourceVersionDate "1995.04.01"]
[SourceQuality "1"]
[WhiteTeam "Germany"]
[BlackTeam "Moldova"]
[WhiteTeamCountry "GER"]
[BlackTeamCountry "MDA"]

1. d4 {Hecht} Nf6 2. c4 Nc6 $5 3. Nf3 (3. d5 Ne5 4. e4 e6 5. Qd4 Bb4+ 6. Bd2
Bxd2+ 7. Nxd2 d6 8. f4 c5 $5 9. Qc3 Ng6 10. dxe6 Nxf4 11. exf7+ Kxf7 12. O-O-O
Re8 13. Qg3 Ng6 14. Ngf3 Kg8 15. Bd3 Ng4 16. Rhe1 N4e5 17. Nxe5 Nxe5 18. Nf3
Qc7 19. Nxe5 dxe5 20. Be2 Be6 21. Bg4 Bxg4 22. Qxg4 Qa5 23. a3 Rad8 $10 {
Campos Moreno,J-De la Riva,O/Barcelona VULCA/1991/}) (3. Nc3 e5 4. d5 Ne7 5. e4
Ng6 6. Be3 Bb4 7. f3 Bxc3+ 8. bxc3 d6 9. Bd3 O-O 10. Ne2 Nd7 11. Qd2 b6 12. Bg5
f6 13. Be3 Nc5 14. Bxc5 bxc5 15. h4 f5 16. h5 Nf4 $1 17. Nxf4 exf4 18. Qc2 Qg5
19. O-O-O fxe4 20. Bxe4 Bf5 21. Rde1 Bxe4 22. Rxe4 Rae8 23. Rhe1 Rxe4 24. Qxe4
Qxh5 $17 {Dao Thien Hai-Silman,J/Budapest FS FebGM/1994/}) 3... e6 4. Nc3 Bb4
5. Qc2 d6 6. a3 Bxc3+ 7. Qxc3 O-O (7... Qe7 8. d5 $5 $14) 8. Bg5 (8. e3 a5 9.
b3 Re8 10. Bb2 e5 11. Qc2 Bg4 12. d5 Nb8 13. Be2 Na6 14. O-O Bh5 15. Bc3 Nc5
16. b4 Bg6 17. Qd1 Nfe4 18. Bb2 Na6 19. Qb3 Bh5 20. Qc2 f5 21. Bc3 Qf6 22. Rfc1
Nxc3 23. Qxc3 e4 24. Qxf6 gxf6 25. Nd4 Bxe2 26. Nxe2 axb4 27. Nd4 bxa3 28. Rxa3
Nc5 29. Rca1 Ra6 $132 {Dreev,A-Orlov,Gi/New York op/1990/}) (8. b4 e5 $5 9.
dxe5 Nxe5 10. Nxe5 dxe5 11. Bb2 Re8 12. e3 Bf5 13. f3 Nh5 14. g3 Bg6 15. Be2 a5
16. bxa5 c6 17. Rd1 Qc7 18. O-O Nf6 19. Rd2 Rxa5 20. Rfd1 h6 21. Qb4 c5 22. Qb3
Ra6 23. e4 Rae6 24. Bf1 R6e7 25. Qb5 Ra8 26. Rd6 Re6 27. Rxe6 fxe6 28. Qb3 Be8
29. Qc3 Bc6 $14 {Farago,I-Motwani,P/Forli op/1991/}) 8... h6 9. Bh4 g5 $8 (9...
Qe7 10. d5 $36) 10. Bg3 Ne4 11. Qc2 f5 (11... Nxg3 12. hxg3 g4 $6 13. Rxh6 f5
14. d5 $1 gxf3 15. dxc6 fxe2 16. Bxe2 $16) 12. e3 Qf6 13. O-O-O (13. Bd3 $6
Nxg3 14. hxg3 e5 $36 {()}) 13... e5 14. dxe5 dxe5 15. c5 $1 Be6 (15... a6 16.
Bc4+ Be6 17. Bd5 $1 $14) 16. Bb5 Nxg3 $8 17. hxg3 g4 (17... Na5 18. Qc3 Nb3+
19. Kb1 e4 20. Nd4 $36 {<->d,h}) 18. Nd2 Kg7 (18... Bd5 19. Bc4 $14) 19. Bxc6
bxc6 20. f4 (20. e4 f4 $132) 20... exf4 21. exf4 Rfd8 22. Rhe1 Rd4 $1 $10 23.
Nb1 Rad8 24. Nc3 Kf7 25. Rxd4 Qxd4 26. Qe2 Re8 27. Qe3 Qxe3+ 28. Rxe3 Rd8 (
28... Bd5 $5 $10) 29. Kc2 Bc4 30. Ne2 Bd5 (30... Bxe2 31. Rxe2 Rd5 32. b4 $14)
31. Nd4 Re8 $1 32. Re5 $5 (32. Rxe8 Kxe8 $10 33. Nxf5 $4 Be4+) 32... Rxe5 33.
fxe5 $13 {Now we can follw an inresting fight between a flexible N and the Bd5.
Both sides are able to create connected passed pawns. Blacks endgame-play
cannot be called convincing.} Bxg2 34. Kd3 {/\Ke3-f4} (34. Ne2 $5 $44) 34... f4
$1 35. gxf4 h5 36. Nf5 (36. f5 $2 h4 37. Ke2 g3 $19) 36... Bd5 37. Ke2 Kg6 38.
Nh4+ Kh6 39. Kf2 a5 40. b4 axb4 41. axb4 Be6 42. Kg3 Bd7 $10 43. Kf2 (43. Ng2 {
Hecht} Kg6 44. Ne3 Bc8 45. Kh4 (45. Nc2 Kf5 46. Nd4+ Ke4 47. Nxc6 h4+ 48. Kxh4
Kxf4 49. Nd4 Kxe5 $132) 45... Bd7 46. Nf1 Kf5 $132) 43... Bc8 44. Ke3 Bd7 45.
Kd4 Be6 $1 (45... Bc8 46. Ke4 Bd7 47. Ng2 Kg6 48. Ne3 h4 49. f5+ Kg5 50. e6 $18
(50. e6 {Hecht} Be8 51. Ke5 g3 52. f6 h3 (52... Kg6 53. Ng2 h3 54. Nf4+ $18)
53. f7 Bxf7 54. exf7 $18)) 46. Ke4 (46. f5 Bc8 $10) 46... Bc8 (46... Bd5+ $1
47. Kd4 (47. Kf5 $2 g3 (47... g3 {Hecht} 48. Kf6 g2 49. Nxg2 Bxg2 50. e6 Bh3
51. f5 Bxf5 52. Kxf5 Kg7 53. Kg5 h4 54. Kxh4 Kf6 $19)) (47. Ke3 $10) 47... Be6
$10) 47. Ng2 Kg6 48. Ne3 h4 49. f5+ Kg5 50. e6 g3 $6 (50... h3 $142 51. Nf1 Kf6
52. Kf4 Bxe6 53. fxe6 Kxe6 54. Kg3 Kd5 55. Ne3+ Kd4 56. Nxg4 Kc3 57. Nf6 Kxb4
58. Nd7 Kc4 59. Kxh3 Kd5 60. Kg4 Ke6 61. Nb8 Kd5 62. Na6 Kc4 $10) 51. Kf3 g2 $2
(51... Kf6 $1 52. Kg4 g2 $1 $8 (52... Bxe6 53. fxe6 Kxe6 54. Kxh4 g2 55. Nxg2
Kd5 56. Nf4+ (56. Ne3+ {Hecht} Kd4 57. Ng4 Kc4 58. Ne5+ Kxb4 59. Nd7 Kc4 60.
Kg5 Kd5 61. Kf6 $18) 56... Kc4 57. Kg5 Kxb4 58. Ne6 $18) 53. Nxg2 h3 54. Nf4 $8
(54. Kxh3 Kxf5 55. e7 Kf6+ $10) 54... h2 55. Nh5+ Ke5 56. Ng3 Bxe6 57. fxe6
Kxe6 58. Kh3 Kd5 59. Kxh2 Kc4 60. Ne4 Kxb4 61. Kg3 Kc4 62. Kf4 Kd4 63. Kf3 Kd5
64. Ke3 Kc4 $10) 52. Kxg2 Kf4 53. Kh2 (53. b5 $1 Bb7 (53... cxb5 54. c6 {/\e7+-
}) 54. b6 $1 cxb6 55. e7 $18) 53... Kxe3 (53... Kg5 54. Kh3 $18 (54. Kh3 {Hecht
} Kh5 55. b5 cxb5 56. c6 $18)) 54. b5 $1 {/\bc6,e7} (54. b5 cxb5 55. c6 $18)
1-0